| 000 | 00739nam a2200229Ia 4500 | ||
|---|---|---|---|
| 005 | 20250508165022.0 | ||
| 008 | 008 250505s9999 xx 000 0 eng d | ||
| 020 | _a0-575-03948-5 | ||
| 037 | _aTextual | ||
| 040 |
_aFEDL _beng _cFEDL |
||
| 041 |
_aeng _2eng |
||
| 084 |
_a372.31, MON _qFEDL |
||
| 100 | _aMontessori Maria | ||
| 245 | 0 | _aAdvanced Montessori method: Scientific pedagogy as applied to the education of children from seven to eleven years. Part I. Spontaneous activity in education | |
| 260 |
_aOxford, UK _bClio Press _c1991 |
||
| 300 | _axiii,273p. | ||
| 365 |
_aGBP _b7.95 |
||
| 490 | _aThe Clio Montessori. Vol 9 | ||
| 546 | _aMACESE | ||
| 942 |
_cTEXL _h372.31, MON |
||
| 999 |
_c1392690 _d1392690 |
||